000 00296nam a2200121Ia 4500
008 190216s9999||||xx |||||||||||||| ||und||
100 _aNull
245 0 _aWorld Economic And Social Survey 1998
260 _bBookwell Pvt Ltd Delhi
_c1999
300 _a174 p
650 _aEconomics
942 _cBK
999 _c10205
_d10205